An introduction to archaeology

Bibliographic Details
Main Author: Adkins, Lesley
Other Authors: Adkins, Roy
Format: Book
Published: London : The Apple Press , 1989
Subjects:

MARC

LEADER 00000cam a2200000 7i4500
001 0000009110
002 000009922
005 20000330.0
020 |a 1850761779 
090 0 0 |a 930.1   |b ADK 
100 1 |a Adkins, Lesley 
245 1 3 |a An introduction to archaeology   |c Lesley and Roy Adkins 
260 |a London :   |b The Apple Press ,   |c 1989 
300 |a 128 p. :   |b ill. ;   |c 29 cm. 
650 0 0 |a Archaeology 
650 0 0 |a Archaeology and history 
700 1 |a Adkins, Roy 
999 |a 031505   |b BUKU   |c PINJAMAN   |e PERPUSTAKAAN KOMUNITI PETALING JAYA 
999 |a 031506   |b BUKU   |c PINJAMAN   |e PERPUSTAKAAN KOMUNITI PETALING JAYA